[Event "FICGS class A 000196 email"]
[Site "FICGS email"]
[Date "2018.09.23"]
[Round "1"]
[White "Duttagupta, Aniruddha"]
[Black "Galus, Stanislaw"]
[Result "1/2-1/2"]
[WhiteElo "2140"]
[BlackElo "2014"]
[PlyCount "46"]
[EventDate "2018.??.??"]
[EventType "tourn (corr)"]
[EventRounds "6"]
[SourceTitle "Corr 2022"]
[Source "ChessBase"]
[SourceDate "2021.10.24"]
[SourceVersion "1"]
[SourceVersionDate "2021.10.24"]
[SourceQuality "1"]

1. d4 Nf6 2. c4 g6 3. Nc3 Bg7 4. e4 d6 5. Be2 0-0 6. Bg5 Na6 7. Nf3 h6 8. Be3 Ng4 9. Bc1 e5 10. 0-0 exd4 11. Nxd4 Qh4 12. h3 Ne5 13. Be3 Nc5 14. Ndb5 Ne6 15. f4 a6 16. Nxc7 Nxc7 17. fxe5 Bxe5 18. Qe1 Qxe1 19. Raxe1 Kg7 20. Na4 Bd7 21. Nb6 Rad8 22. b4 Rfe8 23. Rb1 Ne6 1/2-1/2

[Event "FICGS class A 000196 email"]
[Site "FICGS email"]
[Date "2018.09.23"]
[Round "1"]
[White "Galus, Stanislaw"]
[Black "Kasznia, Ireneusz"]
[Result "1/2-1/2"]
[WhiteElo "2014"]
[BlackElo "2051"]
[PlyCount "89"]
[EventDate "2018.??.??"]
[EventType "tourn (corr)"]
[EventRounds "6"]
[SourceTitle "Corr 2022"]
[Source "ChessBase"]
[SourceDate "2021.10.24"]
[SourceVersion "1"]
[SourceVersionDate "2021.10.24"]
[SourceQuality "1"]

1. d4 Nf6 2. c4 g6 3. Nc3 Bg7 4. e4 d6 5. h3 0-0 6. Bg5 c5 7. d5 e6 8. Nf3 exd5 9. cxd5 Re8 10. Bd3 h6 11. Be3 Nbd7 12. a4 a6 13. 0-0 g5 14. a5 g4 15. hxg4 Nxg4 16. Bf4 Nde5 17. Nxe5 Nxe5 18. Ra3 Rb8 19. Bc2 Nc4 20. Ra2 Ne5 21. Qh5 Qf6 22. Qh2 b5 23. axb6 Rxb6 24. f3 h5 25. Nd1 h4 26. Rf2 Bh6 27. g3 hxg3 28. Qxg3+ Kf8 29. Be3 Rb4 30. Ra4 Bxe3 31. Nxe3 Rd4 32. Ra1 Qh8 33. Rg2 Qh4 34. b3 Qxg3 35. Rxg3 Ke7 36. Bd1 Rh8 37. Ra2 Rd3 38. f4 Ng6 39. Be2 Rxb3 40. Nf5+ Bxf5 41. Rxb3 Bxe4 42. Bf3 Bxf3 43. Rxf3 Rh5 44. f5 Nh4 45. f6+ 1/2-1/2

[Event "FICGS rapid A 000221 email"]
[Site "FICGS email"]
[Date "2018.08.02"]
[Round "1"]
[White "Gossmann, Ewald J"]
[Black "Galus, Stanislaw"]
[Result "1/2-1/2"]
[WhiteElo "1990"]
[BlackElo "2014"]
[PlyCount "74"]
[EventDate "2018.??.??"]
[EventType "tourn (rapid)"]
[EventRounds "6"]
[SourceTitle "Corr 2022"]
[Source "ChessBase"]
[SourceDate "2021.10.24"]
[SourceVersion "1"]
[SourceVersionDate "2021.10.24"]
[SourceQuality "1"]

1. e4 e6 2. d4 d5 3. Nd2 Nf6 4. e5 Nfd7 5. Bd3 c5 6. c3 Nc6 7. Ngf3 Qb6 8. 0-0 cxd4 9. cxd4 Nxd4 10. Nxd4 Qxd4 11. Nf3 Qb6 12. a3 Be7 13. Be3 Bc5 14. Bd2 0-0 15. Qc2 f5 16. exf6 Nxf6 17. Rac1 Bd6 18. Bc3 Bd7 19. Qe2 Rfe8 20. Bd4 Qd8 21. Ne5 a6 22. g3 Re7 23. Kg2 Qe8 24. Bc5 Bxc5 25. Rxc5 Qd8 26. Rfc1 Ba4 27. f4 Nd7 28. Nxd7 Qxd7 29. Rc7 Qd8 30. Rxe7 Qxe7 31. Qh5 g6 32. Qe5 Bc6 33. h4 Kf7 34. Re1 Qf6 35. Qc7+ Qe7 36. Qe5 Qf6 37. Qc7+ Qe7 1/2-1/2

[Event "FICGS rapid A 000221 email"]
[Site "FICGS email"]
[Date "2018.08.02"]
[Round "1"]
[White "Salonen, Jukka"]
[Black "Galus, Stanislaw"]
[Result "1/2-1/2"]
[WhiteElo "1917"]
[BlackElo "2014"]
[PlyCount "61"]
[EventDate "2018.??.??"]
[EventType "tourn (rapid)"]
[EventRounds "6"]
[SourceTitle "Corr 2022"]
[Source "ChessBase"]
[SourceDate "2021.10.24"]
[SourceVersion "1"]
[SourceVersionDate "2021.10.24"]
[SourceQuality "1"]

1. e4 e6 2. d4 d5 3. e5 c5 4. c3 Nc6 5. Nf3 Bd7 6. Be2 Nge7 7. 0-0 cxd4 8. cxd4 Nf5 9. Nc3 Rc8 10. Bg5 Qb6 11. Na4 Qa5 12. Rc1 h6 13. Bd2 Qd8 14. Be3 Nxe3 15. fxe3 Na5 16. Nc5 Bxc5 17. dxc5 Nc6 18. Qd3 Qc7 19. Qc3 a5 20. b3 Ra8 21. a3 0-0 22. Qb2 Rfb8 23. Rc2 Be8 24. Rfc1 Na7 25. Ra1 Qe7 26. Rf1 Bb5 27. Bxb5 Nxb5 28. Nd4 Na7 29. Qc3 Qc7 30. Nf3 Nc6 31. Rd1 1/2-1/2

[Event "FICGS class A 000189 email"]
[Site "FICGS email"]
[Date "2018.06.13"]
[Round "1"]
[White "Galus, Stanislaw"]
[Black "Berry, Ed"]
[Result "1/2-1/2"]
[WhiteElo "2014"]
[BlackElo "2000"]
[PlyCount "155"]
[EventDate "2018.??.??"]
[EventType "tourn (corr)"]
[EventRounds "6"]
[SourceTitle "Corr 2022"]
[Source "ChessBase"]
[SourceDate "2021.10.24"]
[SourceVersion "1"]
[SourceVersionDate "2021.10.24"]
[SourceQuality "1"]

1. d4 d5 2. c4 e6 3. Nc3 Nf6 4. cxd5 exd5 5. Bg5 c6 6. Qc2 Be7 7. e3 0-0 8. Bd3 h6 9. Bh4 Re8 10. h3 Nbd7 11. Nge2 Bd6 12. 0-0 Nb6 13. Qb3 g5 14. Bg3 Bxg3 15. Nxg3 Be6 16. Qd1 g4 17. hxg4 Nxg4 18. Qf3 Qh4 19. Rfe1 Nd7 20. Qf4 Ndf6 21. Bf5 h5 22. Nf1 Nh7 23. Bd3 Kh8 24. Ne2 Rg8 25. a4 a5 26. Ra3 Qe7 27. f3 Ngf6 28. Nfg3 Rg7 29. Rb3 Rag8 30. Kf1 Ne8 31. Qe5 Qg5 32. Qxg5 Rxg5 33. Bxh7 Kxh7 34. Kf2 Bc8 35. Rh1 Nf6 36. Rc3 Bd7 37. Rh4 Kh6 38. Rc5 b6 39. Rc1 R8g6 40. Rch1 Kg7 41. b3 Bc8 42. R1h2 Ba6 43. R4h3 Bxe2 44. Nxe2 Rh6 45. Rh4 Rh8 46. Nf4 c5 47. Ke1 cxd4 48. exd4 b5 49. axb5 Rb8 50. Kd2 Rxb5 51. Kc3 Rb8 52. Nxh5+ Nxh5 53. Rxh5 Kf6 54. g4 Rc8+ 55. Kb2 Rxh5 56. gxh5 Kg7 57. h6+ Kh7 58. Ka3 Rb8 59. Rh5 Rb5 60. f4 f6 61. Ka2 Rb4 62. Rxd5 Kxh6 63. Ka3 Kg6 64. f5+ Kf7 65. Rxa5 Rxd4 66. Kb2 Ke7 67. Kc3 Rd1 68. b4 Kd6 69. Rc5 Rc1+ 70. Kd4 Rd1+ 71. Kc4 Rc1+ 72. Kb5 Rb1 73. Rc3 Ke5 74. Rc5+ Kd4 75. Ka5 Rb3 76. Kb5 Ke4 77. Ka5 Kd4 78. Kb5 1/2-1/2

[Event "FICGS class A 000174 email"]
[Site "FICGS email"]
[Date "2016.11.18"]
[Round "1"]
[White "Wilson, Norman"]
[Black "Galus, Stanislaw"]
[Result "1/2-1/2"]
[WhiteElo "2101"]
[BlackElo "2031"]
[PlyCount "47"]
[EventDate "2016.??.??"]
[EventType "tourn (corr)"]
[EventRounds "6"]
[SourceTitle "Corr 2022"]
[Source "ChessBase"]
[SourceDate "2021.10.24"]
[SourceVersion "1"]
[SourceVersionDate "2021.10.24"]
[SourceQuality "1"]

1. d4 Nf6 2. c4 e6 3. Nc3 Bb4 4. Qc2 0-0 5. a3 Bxc3+ 6. Qxc3 b6 7. Bg5 Bb7 8. f3 h6 9. Bh4 d5 10. e3 Re8 11. Rc1 Nbd7 12. cxd5 g5 13. Bf2 e5 14. Bc4 exd4 15. Qxd4 Ne5 16. Rd1 Qe7 17. Ne2 c5 18. Qc3 Nxc4 19. Qxc4 Bxd5 20. Qc3 Bb7 21. Ng3 Ba6 22. e4 Rad8 23. Nf5 Qe6 24. Bg3 1/2-1/2

[Event "FICGS class A 000172 email"]
[Site "FICGS email"]
[Date "2016.07.21"]
[Round "1"]
[White "Skwarczylo, Marek"]
[Black "Galus, Stanislaw"]
[Result "1/2-1/2"]
[WhiteElo "2049"]
[BlackElo "2059"]
[PlyCount "59"]
[EventDate "2016.??.??"]
[EventType "tourn (corr)"]
[EventRounds "6"]
[SourceTitle "Corr 2022"]
[Source "ChessBase"]
[SourceDate "2021.10.24"]
[SourceVersion "1"]
[SourceVersionDate "2021.10.24"]
[SourceQuality "1"]

1. d4 Nf6 2. c4 e6 3. Nc3 Bb4 4. e3 b6 5. Qb3 c5 6. Nf3 Nc6 7. a3 Bxc3+ 8. Qxc3 cxd4 9. Nxd4 Nxd4 10. Qxd4 0-0 11. b3 Bb7 12. Bb2 d5 13. Rd1 Rc8 14. Bd3 h6 15. Qf4 Qe7 16. 0-0 Rfd8 17. Qh4 Ba6 18. Bxf6 Qxf6 19. Qxf6 gxf6 20. cxd5 Bxd3 21. Rxd3 Rxd5 22. Rxd5 exd5 23. Rb1 Kf8 24. Kf1 Ke7 25. Rb2 Ke6 26. Ke2 Ke5 27. Rd2 Rc3 28. Rd3 Rc2+ 29. Kf3 b5 30. b4 1/2-1/2

[Event "FICGS class A 000171 email"]
[Site "FICGS email"]
[Date "2016.06.25"]
[Round "1"]
[White "Galus, Stanislaw"]
[Black "Helmer, Janos"]
[Result "1/2-1/2"]
[WhiteElo "2061"]
[BlackElo "2185"]
[PlyCount "101"]
[EventDate "2016.??.??"]
[EventType "tourn (corr)"]
[EventRounds "6"]
[SourceTitle "Corr 2022"]
[Source "ChessBase"]
[SourceDate "2021.10.24"]
[SourceVersion "1"]
[SourceVersionDate "2021.10.24"]
[SourceQuality "1"]

1. d4 Nf6 2. c4 g6 3. Nc3 Bg7 4. e4 d6 5. h3 0-0 6. Bg5 Na6 7. Bd3 c6 8. Nge2 e5 9. d5 Nc5 10. Bc2 a5 11. 0-0 Qc7 12. Qd2 cxd5 13. Bxf6 Bxf6 14. Nxd5 Qd8 15. Nxf6+ Qxf6 16. Nc3 Rd8 17. Nd5 Qh4 18. f4 Be6 19. fxe5 dxe5 20. Qe3 Rac8 21. Rf2 Bxd5 22. cxd5 Rf8 23. Raf1 Qd8 24. Bd1 Qb6 25. Bg4 Rc7 26. h4 Qb4 27. Rc2 Ne6 28. a3 Qd6 29. Rcf2 Ng7 30. h5 gxh5 31. Rf6 Qc5 32. Qxc5 Rxc5 33. Be6 Nxe6 34. dxe6 Rc7 35. R1f5 Kg7 36. Rxf7+ Rfxf7 37. exf7 Rxf7 38. Rxe5 b6 39. Rxh5 Re7 40. Rb5 Rxe4 41. Rxb6 a4 42. Rb4 Re2 43. Rxa4 Rxb2 44. Ra7+ Kg6 45. a4 Ra2 46. a5 h5 47. a6 h4 48. Kh2 Ra3 49. Ra8 Kf6 50. a7 Kg7 51. Rb8 1/2-1/2

[Event "FICGS class A 000170 email"]
[Site "FICGS email"]
[Date "2016.04.04"]
[Round "1"]
[White "Fierry Fraillon, David"]
[Black "Galus, Stanislaw"]
[Result "1-0"]
[WhiteElo "2030"]
[BlackElo "2026"]
[PlyCount "157"]
[EventDate "2016.??.??"]
[EventType "tourn (corr)"]
[EventRounds "6"]
[SourceTitle "Corr 2022"]
[Source "ChessBase"]
[SourceDate "2021.10.24"]
[SourceVersion "1"]
[SourceVersionDate "2021.10.24"]
[SourceQuality "1"]

1. c4 Nf6 2. Nf3 b6 3. g3 Bb7 4. Bg2 c5 5. 0-0 e6 6. Nc3 a6 7. d4 cxd4 8. Qxd4 d6 9. Rd1 Be7 10. b3 Nbd7 11. e4 Qc8 12. Qe3 0-0 13. Bb2 Qc5 14. Nd4 Rfc8 15. Rd2 Bf8 16. Qe2 Qa5 17. Rad1 Rab8 18. Qe1 g6 19. f4 e5 20. fxe5 dxe5 21. Nf3 b5 22. Bh3 bxc4 23. Bxd7 Nxd7 24. Rxd7 cxb3 25. a4 Bc6 26. R7d3 Bb4 27. Qe2 f6 28. Nd2 Qb6+ 29. Kg2 Bxc3 30. Rxc3 Bxa4 31. Nc4 Qe6 32. Rd6 Qf7 33. Ne3 Rxc3 34. Bxc3 Qc7 35. Qd2 Bc6 36. Rxf6 Bxe4+ 37. Kg1 h5 38. Bb2 a5 39. Qe2 a4 40. Ra6 Ra8 41. Rxa8+ Bxa8 42. Qb5 Kh7 43. Kf2 Bc6 44. Qc5 Qf7+ 45. Ke1 Qe6 46. Kd2 Kg8 47. Nc4 Qd5+ 48. Qxd5+ Bxd5 49. Nxe5 Kg7 50. Kc3 Kf6 51. Kb4 Kf5 52. Kxa4 Kg5 53. h4+ Kf5 54. Ka3 Be6 55. Nd3 Bf7 56. Nc5 g5 57. Nxb3 Bd5 58. Bc1 gxh4 59. gxh4 Ke5 60. Kb4 Be6 61. Kc3 Bc8 62. Kd3 Ba6+ 63. Ke3 Kf5 64. Kf3 Bb7+ 65. Kg3 Bd5 66. Nd4+ Ke4 67. Nb5 Be6 68. Nd6+ Kd5 69. Ne8 Bf7 70. Nc7+ Ke4 71. Bb2 Bc4 72. Ne8 Be2 73. Nd6+ Kd5 74. Kf2 Bd1 75. Nb5 Ke6 76. Kg3 Kf5 77. Nd6+ Ke6 78. Nc4 Be2 79. Ne3 1-0

[Event "FICGS rapid A 000187 email"]
[Site "FICGS email"]
[Date "2015.12.13"]
[Round "1"]
[White "Bartsch, Reinhard Andrea"]
[Black "Galus, Stanislaw"]
[Result "1/2-1/2"]
[WhiteElo "2027"]
[BlackElo "1944"]
[PlyCount "74"]
[EventDate "2015.??.??"]
[EventType "tourn (rapid)"]
[EventRounds "6"]
[SourceTitle "Corr 2022"]
[Source "ChessBase"]
[SourceDate "2021.10.24"]
[SourceVersion "1"]
[SourceVersionDate "2021.10.24"]
[SourceQuality "1"]

1. e4 c6 2. d4 d5 3. e5 Bf5 4. Nf3 e6 5. Be2 c5 6. Be3 cxd4 7. Nxd4 Ne7 8. Nd2 Nbc6 9. N2f3 Be4 10. 0-0 Bxf3 11. Nxf3 Qc7 12. c4 0-0-0 13. cxd5 Nxd5 14. Qb3 Nxe3 15. Qxe3 Qb6 16. Qf4 Rd7 17. Rad1 Rc7 18. Rd2 Bc5 19. a3 a5 20. a4 Qb4 21. Qxb4 Bxb4 22. Rc2 Rd8 23. Rfc1 Kb8 24. g3 Ka7 25. Bb5 Kb6 26. Kg2 h6 27. Rc4 Rd5 28. Re4 Bf8 29. Bc4 Nb4 30. Rc3 Rd8 31. h4 g6 32. Rb3 Bg7 33. Bb5 Rd5 34. Re2 Ka7 35. Rbe3 Nc6 36. Re4 Kb6 37. R2e3 Bf8 1/2-1/2

[Event "FICGS rapid A 000187 email"]
[Site "FICGS email"]
[Date "2015.12.13"]
[Round "1"]
[White "Galus, Stanislaw"]
[Black "Daanen, Aard"]
[Result "1/2-1/2"]
[WhiteElo "1944"]
[BlackElo "2029"]
[PlyCount "56"]
[EventDate "2015.??.??"]
[EventType "tourn (rapid)"]
[EventRounds "6"]
[SourceTitle "Corr 2022"]
[Source "ChessBase"]
[SourceDate "2021.10.24"]
[SourceVersion "1"]
[SourceVersionDate "2021.10.24"]
[SourceQuality "1"]

1. d4 Nf6 2. c4 g6 3. Nc3 d5 4. cxd5 Nxd5 5. e4 Nxc3 6. bxc3 Bg7 7. Nf3 c5 8. Rb1 0-0 9. Be2 cxd4 10. cxd4 Qa5+ 11. Bd2 Qxa2 12. 0-0 b6 13. Qc1 Bb7 14. Bc4 Qa4 15. Bb5 Qa2 16. Re1 Rc8 17. Qd1 e6 18. Ba4 Nc6 19. d5 exd5 20. Bb3 Qa3 21. exd5 Nd4 22. Nxd4 Bxd4 23. Bg5 Bc5 24. d6 Bxd6 25. Re6 Rd8 26. Bxd8 Rxd8 27. Qg4 fxe6 28. Bxe6+ Kg7 1/2-1/2

[Event "FICGS rapid A 000187 email"]
[Site "FICGS email"]
[Date "2015.12.13"]
[Round "1"]
[White "Pareschi, Remo"]
[Black "Galus, Stanislaw"]
[Result "1/2-1/2"]
[WhiteElo "2052"]
[BlackElo "1944"]
[PlyCount "80"]
[EventDate "2015.??.??"]
[EventType "tourn (rapid)"]
[EventRounds "6"]
[SourceTitle "Corr 2022"]
[Source "ChessBase"]
[SourceDate "2021.10.24"]
[SourceVersion "1"]
[SourceVersionDate "2021.10.24"]
[SourceQuality "1"]

1. c4 Nf6 2. g3 g6 3. Nf3 Bg7 4. Bg2 0-0 5. d4 d6 6. 0-0 Nc6 7. d5 Na5 8. Nfd2 c5 9. Nc3 a6 10. Qc2 Bg4 11. h3 Bd7 12. b3 b5 13. Bb2 Rb8 14. e4 bxc4 15. Nd1 cxb3 16. axb3 e5 17. f4 Nh5 18. fxe5 Nxg3 19. Rf2 c4 20. bxc4 Rxb2 21. Nxb2 Bxe5 22. Nf3 Bg7 23. Re1 Qc7 24. c5 dxc5 25. e5 c4 26. Qc3 Rc8 27. h4 Nf5 28. Bh3 Nb7 29. h5 Nbd6 30. exd6 Bxc3 31. dxc7 Bxe1 32. Nxe1 Rxc7 33. hxg6 hxg6 34. Nd1 c3 35. Ra2 Rc5 36. Bxf5 Bxf5 37. Ne3 Be4 38. Rxa6 Kf8 39. Ra8+ Ke7 40. Ra7+ Kd6 1/2-1/2

[Event "FICGS rapid A 000186 email"]
[Site "FICGS email"]
[Date "2015.11.25"]
[Round "1"]
[White "Domingo Gadea, Jordi"]
[Black "Galus, Stanislaw"]
[Result "0-1"]
[WhiteElo "1932"]
[BlackElo "1944"]
[PlyCount "80"]
[EventDate "2015.??.??"]
[EventType "tourn (rapid)"]
[EventRounds "6"]
[SourceTitle "Corr 2022"]
[Source "ChessBase"]
[SourceDate "2021.10.24"]
[SourceVersion "1"]
[SourceVersionDate "2021.10.24"]
[SourceQuality "1"]

1. g4 d5 2. Bg2 c6 3. h3 e5 4. d4 exd4 5. Qxd4 Na6 6. Nf3 Nf6 7. Nc3 Bc5 8. Qe5+ Be7 9. g5 Nh5 10. Be3 0-0 11. Qd4 Nc5 12. 0-0-0 Ne6 13. Qd2 Bd6 14. h4 Nef4 15. Bf1 Ng6 16. Kb1 Qc7 17. Ne1 Bg4 18. Bd4 Qc8 19. f3 Ng3 20. Rg1 Bh5 21. Nd3 Re8 22. Bf2 Nxf1 23. Rdxf1 b5 24. Bc5 Bxc5 25. Nxc5 Qc7 26. Nd3 Rad8 27. Re1 Re7 28. Rgf1 Rde8 29. Rf2 a5 30. Rh1 Qa7 31. Rg2 Qb8 32. Rf2 Qb6 33. Rhh2 Rd7 34. f4 d4 35. Nd1 Ne7 36. f5 Nd5 37. Nf4 Nxf4 38. Rxf4 c5 39. f6 c4 40. Rhf2 Qc7 0-1

[Event "RA-2015-0-00417"]
[Site "LSS email"]
[Date "2015.11.10"]
[Round "?"]
[White "Galus, Stanislaw"]
[Black "Korinek, Jaroslav"]
[Result "0-1"]
[WhiteElo "1953"]
[BlackElo "1945"]
[PlyCount "92"]
[EventDate "2015.09.26"]
[EventType "tourn (corr)"]
[EventRounds "6"]
[EventCountry "GER"]
[SourceTitle "Corr 2022"]
[Source "ChessBase"]
[SourceDate "2021.10.24"]
[SourceVersion "1"]
[SourceVersionDate "2021.10.24"]
[SourceQuality "1"]

1. d4 d5 2. c4 e6 3. Nc3 Nf6 4. cxd5 exd5 5. Bg5 c6 6. Qc2 h6 7. Bh4 Be7 8. e3 0-0 9. Bd3 Ne8 10. Bg3 Bd6 11. Nf3 Bxg3 12. hxg3 Nd6 13. Rh4 Re8 14. 0-0-0 Nd7 15. g4 Nf8 16. Rdh1 f6 17. Nh2 Be6 18. Nf1 Qd7 19. Qd1 Rac8 20. Ng3 c5 21. Kb1 b5 22. Bc2 a5 23. dxc5 Rxc5 24. Nce2 Rec8 25. Nd4 b4 26. Ka1 Qa7 27. Bb1 a4 28. Ndf5 a3 29. b3 Qc7 30. Nxd6 Qxd6 31. Ne2 Bf7 32. Bf5 R8c7 33. Qd2 Bg6 34. Nd4 Bxf5 35. gxf5 Qe5 36. Rb1 Rc2 37. Qe1 Nd7 38. Rd1 Rb2 39. Qxb4 Rxf2 40. Qxa3 Qxe3 41. Rh3 Qe5 42. Rhh1 Nc5 43. Rhe1 Ne4 44. g4 Kh7 45. Rd3 Rc3 46. Rdd1 Rg3 0-1

[Event "RA-2015-0-00417"]
[Site "LSS email"]
[Date "2015.11.09"]
[Round "?"]
[White "Galus, Stanislaw"]
[Black "Llorente Alvarez, Jose Luis"]
[Result "1/2-1/2"]
[WhiteElo "1953"]
[BlackElo "2148"]
[PlyCount "144"]
[EventDate "2015.09.26"]
[EventType "tourn (corr)"]
[EventRounds "6"]
[EventCountry "GER"]
[SourceTitle "Corr 2022"]
[Source "ChessBase"]
[SourceDate "2021.10.24"]
[SourceVersion "1"]
[SourceVersionDate "2021.10.24"]
[SourceQuality "1"]

1. d4 f5 2. g3 Nf6 3. Bg2 g6 4. Nf3 Bg7 5. 0-0 0-0 6. c4 d6 7. Nc3 Qe8 8. Nd5 Nxd5 9. cxd5 Nd7 10. Ng5 Nb6 11. Qc2 Qa4 12. Qxa4 Nxa4 13. e3 h6 14. Ne6 Bxe6 15. dxe6 c5 16. b3 Nc3 17. Bxb7 Rab8 18. Ba6 Rb6 19. Bd3 cxd4 20. exd4 d5 21. Be3 Rxe6 22. Rfe1 g5 23. Kg2 f4 24. Bd2 f3+ 25. Kf1 Ne4 26. Be3 Rb8 27. Rac1 Rb4 28. Red1 Kf7 29. Bb1 g4 30. Rc7 Bf6 31. Bc2 Rb8 32. Re1 a6 33. Rd1 Bg5 34. Re1 a5 35. Bxg5 hxg5 36. Bxe4 Rxe4 37. Rxe4 dxe4 38. Ke1 a4 39. Rc3 Rd8 40. Rc4 axb3 41. axb3 Kf6 42. Kd2 e5 43. Ke3 Kf5 44. Rb4 Rd5 45. Ra4 Rd7 46. Rc4 Rd6 47. Rb4 Rc6 48. Kd2 exd4 49. Rxd4 Ke5 50. Rb4 Rc5 51. Ke3 Rc3+ 52. Kd2 Rd3+ 53. Ke1 Rd5 54. Ra4 Rb5 55. b4 Kd4 56. Kd2 e3+ 57. fxe3+ Kc4 58. Ke1 Rxb4 59. Ra5 Kd3 60. Rxg5 Rb1+ 61. Kf2 Rb2+ 62. Kf1 Rxh2 63. Rg8 Ra2 64. Rd8+ Kxe3 65. Re8+ Kd4 66. Rd8+ Kc3 67. Rg8 Ra4 68. Rg6 Rb4 69. Rg5 Re4 70. Rg7 Kd2 71. Rg8 Ke3 72. Rh8 Re5 1/2-1/2

[Event "RA-2015-0-00417"]
[Site "LSS email"]
[Date "2015.11.09"]
[Round "?"]
[White "Morcin, Tom"]
[Black "Galus, Stanislaw"]
[Result "1/2-1/2"]
[WhiteElo "2193"]
[BlackElo "1953"]
[PlyCount "67"]
[EventDate "2015.09.26"]
[EventType "tourn (corr)"]
[EventRounds "6"]
[EventCountry "GER"]
[SourceTitle "Corr 2022"]
[Source "ChessBase"]
[SourceDate "2021.10.24"]
[SourceVersion "1"]
[SourceVersionDate "2021.10.24"]
[SourceQuality "1"]

1. e4 e6 2. d4 d5 3. Nd2 dxe4 4. Nxe4 Nd7 5. Nf3 Ngf6 6. Bd3 Nxe4 7. Bxe4 Nf6 8. Bd3 c5 9. Be3 Qc7 10. Qe2 Be7 11. 0-0-0 Bd7 12. Ne5 0-0 13. Nxd7 Nxd7 14. c3 cxd4 15. Bxd4 Bc5 16. Bc2 Bxd4 17. Rxd4 Nf6 18. h4 Rad8 19. Qc4 Qb8 20. Rhd1 h5 21. Qa4 Rxd4 22. Qxd4 b6 23. g3 Qc7 24. Kb1 Rc8 25. Rd2 Kf8 26. a3 Qc5 27. Qxc5+ Rxc5 28. Bd3 Ke7 29. Kc2 g6 30. b4 Rc7 31. Re2 Kd6 32. c4 e5 33. Kb3 Nd7 34. f4 1/2-1/2

[Event "RA-2015-0-00417"]
[Site "LSS email"]
[Date "2015.11.09"]
[Round "?"]
[White "Silva Filho, Alcindo Luz Bastos"]
[Black "Galus, Stanislaw"]
[Result "1/2-1/2"]
[WhiteElo "2129"]
[BlackElo "1953"]
[PlyCount "65"]
[EventDate "2015.09.26"]
[EventType "tourn (corr)"]
[EventRounds "6"]
[EventCountry "GER"]
[SourceTitle "Corr 2022"]
[Source "ChessBase"]
[SourceDate "2021.10.24"]
[SourceVersion "1"]
[SourceVersionDate "2021.10.24"]
[SourceQuality "1"]

1. e4 e6 2. d4 d5 3. e5 c5 4. c3 Nc6 5. Nf3 Bd7 6. Be2 Nge7 7. 0-0 cxd4 8. cxd4 Nf5 9. Nc3 Rc8 10. a3 a6 11. Be3 Be7 12. Bd3 Nxe3 13. fxe3 0-0 14. Rf2 f6 15. exf6 Bxf6 16. Qd2 g6 17. Rc1 Qe7 18. Re1 Kh8 19. Bb1 Rcd8 20. Ba2 Bg7 21. Qd1 Be8 22. Kh1 b5 23. h3 Bd7 24. Kg1 Rf7 25. Ref1 Rdf8 26. Qd2 Qd6 27. b4 Bh6 28. Bb1 Kg8 29. h4 Qe7 30. Bd3 Qd8 31. Bb1 Qe7 32. Bc2 Bc8 33. Bd3 1/2-1/2